| 000 | 00762nam a2200253Ia 4500 | ||
|---|---|---|---|
| 003 | OSt | ||
| 005 | 20221005073157.0 | ||
| 006 | a|||||r|||| 00| 0 | ||
| 007 | ta | ||
| 008 | 221004b |||||||| |||| 00| 0 eng d | ||
| 024 | _a25543 | ||
| 037 | _cTextual | ||
| 040 |
_aCRL _cCRL _beng |
||
| 041 |
_2eng _aeng |
||
| 082 | _aT:8D.2'N9s, N6 | ||
| 110 |
_aINDIA, HUMAN RESOURCE DEVELOPMENT(Ministry of-) _9607783 |
||
| 245 | 0 | _aAnnual financial statistics of education sector 1996-97 | |
| 260 |
_aNew Delhi _bGovt. of India _c1996 |
||
| 300 |
_a56p. _ccm. |
||
| 650 | _aEDUCATION - GOVERNMENT POLICY | ||
| 700 |
_aINDIA, HUMAN RESOURCE DEVELOPMENT(Ministry of-) _9607784 |
||
| 942 |
_hT:8D.2'N9s, N6 _cTEXL _2cc |
||
| 999 |
_c980720 _d980720 |
||